Slovenský nožiar Igor Vanka zo Slaskej

Bibliographic Details
Main Author: Drábek, Alojz (Author)
Format: Article
Language:Slovak
PhysicalDescription:Fotogr.
ISSN:1335-5740
Subjects:

MARC

LEADER 00000nab a2200000 ar4500
001 vtls008829306
003 SK-MaSNL
005 20260304144319.0
008 250505c2006 xo |||||||||||000 b|slo
015 |a SNBRB2006/07  |2 snkbucl 
035 |a (uuid)f54fc0f4-9653-46c3-b4b9-e1d177f3b0ee 
035 |a urn:nbn:sk:snk-ab24g5 
035 |a (urnnbn)urn:nbn:sk:snk:ar-a01lds 
038 |a SNKBUCL 
040 |a SNKBUCL  |b slo  |c SNKBUCL  |e AACR2 
041 0 |a slo 
044 |a xo  |c SK 
080 |a 672.71-051  |2 1997 
100 1 |a Drábek, Alojz  |4 aut  |9 26329 
245 1 0 |a Slovenský nožiar Igor Vanka zo Slaskej  |c pripravil: Alojz Drábek 
300 |b Fotogr. 
600 1 7 |a Vanka, Igor  |2 snkbucl  |9 1301368 
650 0 7 |a nožiarstvo  |2 snkbucl  |9 30446 
773 0 |t Zbrane, strelci a lovci  |g Roč. VII, č. 2 (2006), s. 36-39  |x 1335-5740 
850 |a Slovenská národná knižnica 
852 |a Slovenská národná knižnica 
954 |a odborná, vedecká literatúra pôvodná (slovenská)  |2 lita 
958 |a article27 
958 |a SK 
958 |a OND 
958 |a EUIPO 
999 |c 2930621  |d 2932551